A bargain for frances / (Record no. 8431)

MARC details
000 -LEADER
fixed length control field 01137nam a22002657a 4500
001 - CONTROL NUMBER
control field 8431
003 - CONTROL NUMBER IDENTIFIER
control field FISKH
005 - DATE AND TIME OF LATEST TRANSACTION
control field 20250911150436.0
008 - FIXED-LENGTH DATA ELEMENTS--GENERAL INFORMATION
fixed length control field 250911b cb ||||| |||| 00| 0 eng d
040 ## - CATALOGING SOURCE
Original cataloging agency FISKH
Language of cataloging eng
Transcribing agency FISKH
Modifying agency FISKH
050 ## - LIBRARY OF CONGRESS CALL NUMBER
Classification number PZ7
082 ## - DEWEY DECIMAL CLASSIFICATION NUMBER
Classification number 813.54
100 ## - MAIN ENTRY--PERSONAL NAME
Personal name Hoban, Russell
245 ## - TITLE STATEMENT
Title A bargain for frances /
Statement of responsibility, etc. by Russell Hoban ; Pictures by Lillian Hoban
260 ## - PUBLICATION, DISTRIBUTION, ETC.
Place of publication, distribution, etc. New York :
Name of publisher, distributor, etc. Weekly Reader Books,
Date of publication, distribution, etc. 1970.
300 ## - PHYSICAL DESCRIPTION
Extent 63 pages :
Other physical details color illustrations ;
Dimensions 23 cm
505 ## - FORMATTED CONTENTS NOTE
Formatted contents note J<br/>
520 ## - SUMMARY, ETC.
Summary, etc. Frances, a little badger, learns an important lesson about fairness and friendship. Her friend Thelma tricks her into buying a plastic tea set that Frances doesn’t really want. Feeling upset but determined, Frances comes up with a clever plan to turn the tables. In the end, Frances shows Thelma how honesty matters more than bargains, and the two patch up their friendship.
521 8# - TARGET AUDIENCE NOTE
Target audience note 470<br/>
Source Lexile estimate<br/>
521 8# - TARGET AUDIENCE NOTE
Target audience note J<br/>
Source Raz-Plus<br/>
650 ## - SUBJECT ADDED ENTRY--TOPICAL TERM
Topical term or geographic name entry element Friendship
Form subdivision Problem-solving
General subdivision Conflict resolution
700 ## - ADDED ENTRY--PERSONAL NAME
Personal name Hoban, Lillian
Relator term illustrator
942 ## - ADDED ENTRY ELEMENTS (KOHA)
Source of classification or shelving scheme Dewey Decimal Classification
Koha item type Books
Suppress in OPAC No
Holdings
Withdrawn status Lost status Source of classification or shelving scheme Damaged status Not for loan Collection Home library Current library Shelving location Date acquired Total Checkouts Full call number Barcode Date last seen Copy number Price effective from Koha item type
    Dewey Decimal Classification     Juvenile Fiction Footprints International School Library Network Toul Tom Poung Campus Footprints International School Library Network Toul Tom Poung Campus TTP Primary Dark Blue Bookshelves 09/11/2025   HOB 813.54 PZ7 FISBK00340 09/11/2025 1 09/11/2025 Books